000 00944nam a2200265Ia 4500
003 OSt
005 20221005105242.0
006 a|||||r|||| 00| 0
007 ta
008 221004b |||||||| |||| 00| 0 hin d
020 _a8173914788 (hbk)
_c1250
024 _a88515
037 _b517, 25/03/2008, Vani Prakashan
_cTextual
040 _aCRL
_cCRL
_bhin
041 _2hin
_ahin
082 _aO152,1:g(R5), P2
100 _aगर्ग, मुकेश
245 0 _aसाहित्य और सौन्दर्य - बोध
246 _aSāhitya aur saundarya - bodha
260 _aनई दिल्ली
_bकनिष्का पब्लिशर्स भारत
_c2002
300 _a97पृ0
_ccm.
650 _aहिन्दी साहित्य
942 _hO152,1:g(R5), P2
_cTEXL
_2cc
999 _c1015280
_d1015280